Catálogo

Las cinco claves de la cinematografía : (Registro nro. 69550)

Detalles MARC
000 -LEADER
fixed length control field 01525aam a2200361 i 4500
001 - CONTROL NUMBER
control field 69550
003 - CONTROL NUMBER IDENTIFIER
control field Mx-PuUPA
005 - DATE AND TIME OF LATEST TRANSACTION
control field 20240521145823.0
008 - FIXED-LENGTH DATA ELEMENTS--GENERAL INFORMATION
fixed length control field 211209s2012 mx a|||gr|||| 001 0 spa d
020 ## - INTERNATIONAL STANDARD BOOK NUMBER
International Standard Book Number 9789703255214
040 ## - CATALOGING SOURCE
Original cataloging agency Mx-PuUPA
Language of cataloging spa
Transcribing agency Mx-PuUPA
Modifying agency Mx-PuUPA
Description conventions rda
041 1# - LANGUAGE CODE
Language code of text/sound track or separate title spa
Language code of original eng
100 1# - MAIN ENTRY--PERSONAL NAME
9 (RLIN) 11851
Personal name Mascelli, Joseph V.,
Relator term autor
240 14 - UNIFORM TITLE
Uniform title The five C's of cinematography.
Language of a work Español
245 14 - TITLE STATEMENT
Title Las cinco claves de la cinematografía :
Remainder of title técnicas para la realización fílmica /
Statement of responsibility, etc. Joseph V. Mascelli ; traducción, Magdalena del Carmen Uribe Jiménez
250 ## - EDITION STATEMENT
Edition statement Primera edición
264 #1 - PRODUCTION, PUBLICATION, DISTRIBUTION, MANUFACTURE, AND COPYRIGHT NOTICE
Place of production, publication, distribution, manufacture Ciudad de México :
Name of producer, publisher, distributor, manufacturer Universidad Nacional Autónoma de México,
Date of production, publication, distribution, manufacture, or copyright notice 2012
-- ©2018
300 ## - PHYSICAL DESCRIPTION
Extent 236 páginas :
Other physical details ilustraciones ;
Dimensions 27 cm
336 ## - CONTENT TYPE
Fuente rdacontent
Content type term texto
Content type code txt
336 ## - CONTENT TYPE
Fuente rdacontent
Content type term imagen fija
Content type code sti
337 ## - MEDIA TYPE
Source rdamedia
Media type term sin medio
Media type code n
338 ## - CARRIER TYPE
Source rdacarrier
Carrier type term volumen
Carrier type code nc
490 0# - SERIES STATEMENT
Series statement Praxis cinematográfica
650 #7 - SUBJECT ADDED ENTRY--TOPICAL TERM
Source of heading or term armarc
Topical term or geographic name entry element Cinematografía
Form subdivision Guías, manuales, etc.
650 #7 - SUBJECT ADDED ENTRY--TOPICAL TERM
Source of heading or term armarc
Topical term or geographic name entry element Cine
General subdivision Producción y dirección
700 1# - ADDED ENTRY--PERSONAL NAME
Personal name Uribe Jiménez, Magdalena del Carmen,
Relator term traductor
765 08 - ORIGINAL LANGUAGE ENTRY
Main entry heading Mascelli, Joseph V.,
Place, publisher, and date of publication 1965
Title The five C's of cinematography.
942 ## - ADDED ENTRY ELEMENTS (KOHA)
Source of classification or shelving scheme Dewey Decimal Classification
Classification part 791.43
Item part M394
Koha item type Libro
Existencias
Withdrawn status Lost status Source of classification or shelving scheme Damaged status Not for loan Collection code Home library Current library Shelving location Date acquired Source of acquisition Cost, normal purchase price Full call number Barcode Date last seen Copy number Cost, replacement price Price effective from Koha item type Total Checkouts Total Renewals Date last checked out
    Dewey Decimal Classification     General Biblioteca Karol Wojtyla Biblioteca Karol Wojtyla Sala general 15/04/2024 1 196.00 791.43 M394 2012 102343 05/01/2026 Ej.2 196.00 15/04/2024 Libro      
    Dewey Decimal Classification     General Biblioteca Karol Wojtyla Biblioteca Karol Wojtyla Sala general 15/04/2024 1 196.00 791.43 M394 2012 102342 06/04/2026   196.00 15/04/2024 Libro 4 2 03/03/2026
    Dewey Decimal Classification     General Biblioteca Karol Wojtyla Biblioteca Karol Wojtyla Sala general 16/04/2024 1 196.00 791.43 M394 2012 102366 05/01/2026 Ej.3 196.00 16/04/2024 Libro      
    Dewey Decimal Classification     General Biblioteca Karol Wojtyla Biblioteca Karol Wojtyla Sala general 16/04/2024 1 196.00 791.43 M394 2012 102367 05/01/2026 Ej.4 196.00 16/04/2024 Libro 1   28/02/2024
    Dewey Decimal Classification     General Biblioteca Karol Wojtyla Biblioteca Karol Wojtyla Sala general 21/05/2024 1 280.00 791.43 M394 2012 104782 05/01/2026 Ej.5 280.00 21/05/2024 Libro      
    Dewey Decimal Classification     General Biblioteca Karol Wojtyla Biblioteca Karol Wojtyla Sala general 21/05/2024 1 280.00 791.43 M394 2012 104783 05/01/2026 Ej.6 280.00 21/05/2024 Libro